Les 10 pays asiatiques ayant les plus grandes économies - Statistiques

Statistiques générales
  • Ce quiz a été pris 47 662 fois
    11 167 depuis la dernière actualisation
  • Le résultat moyen est 8 sur 10
Statistiques - réponses
Milliards Pays % Correct
45 074 Chine
100%
7 262 Japon
98%
18 902 Inde
95%
3 542 Corée du Sud
92%
5 449 Indonésie
84%
1 964 Thaïlande
84%
2 025 Viêt Nam
78%
2 895 Arabie Saoudite
70%
2 275 Taïwan
61%
3 421 Turquie
58%
Aucun quiz correspondant
Distribution des résultats
% des personnes avec chaque résultat
Percentile par nombre de réponses
Votre historique - résultats
Vous n’avez pas pris ce quiz depuis la dernière actualisation